All City Destinations of Garuda Indonesia - Statistics

General Stats
  • This quiz has been taken 58 times
  • The average score is 53 of 92
Answer Stats
Country City % Correct
Australia Melbourne
98%
Australia Sydney
98%
Australia Perth
90%
China Beijing
88%
Denpasar
88%
Vietnam Ho Chi Minh
88%
France Paris
88%
Australia Brisbane
87%
Jakarta
87%
Tokyo
87%
Kuala Lumpur
85%
Osaka
85%
Singapore Singapore
85%
Los Angeles
83%
India Mumbai
83%
China Shanghai
83%
Australia Adelaide
81%
China Guangzhou
81%
China (oncecolonised) Hong Kong
81%
Italy Rome
81%
Thailand Bangkok
79%
UK London
79%
Manila
79%
South Korea Seoul
79%
New Zealand Auckland
77%
Germany Frankfurt
77%
Spain Madrid
77%
Cambodia Phnom Penh
77%
Netherlands Amsterdam
75%
UAE Dubai
75%
Germany Munich
75%
Germany Berlin
73%
Australia Darwin
73%
Medan
73%
Riyadh
71%
Surabaya
71%
Qatar Doha
69%
Austria Vienna
69%
Switzerland Zurich
69%
Abu Dhabi
65%
Jeddah
65%
Penang
63%
Yogyakarta
63%
Makassar
62%
Medina
62%
Nagoya
62%
Palembang
62%
Balikpapan
60%
Banda Aceh
60%
Australia Cairns
60%
Sri Lanka Colombo
60%
Surakarta
60%
Jayapura
58%
Honolulu
56%
Pakistan Karachi
56%
Japan Fukuoka
54%
Semarang
54%
Padang
52%
Indonesia Ambon
50%
Bandar Lampung
50%
Manado
50%
Pontianak
50%
Batam
48%
China Chengdu
48%
Pekanbaru
48%
Banjarmasin
46%
Palu
46%
Jambi
44%
Philipinnes Davao
42%
Ternate
40%
Bengkulu
38%
Gorontalo
38%
Kendari
38%
Malang
38%
Kupang
37%
Palangkaraya
35%
Pangkalpinang
35%
Sorong
33%
Mataram
31%
Tanjungpinang
31%
Merauke
29%
Banyuwangi
23%
Biak
23%
Labuan Bajo
21%
Timika
19%
Australia Christmas Islands
10%
USA Guam
10%
Australia Port Headland
10%
Saudi Arabia Dhahran
4%
Malaysia Kota Kinabula
4%
Taiwan Kahosiung
0%
Tanjingpandan
0%
No matching quizzes found
Score Distribution
Percent of People with Each Score
Percentile by Number Answered
Your Score History
You have not taken this quiz